000 01679nam a22003137a 4500
005 20090911113839.0
008 081106t xxu||||| |||| 00| 0 hin d
010 _aB-357293
020 _c300.00
_a8189355171
035 _aHN-57852
035 _aB-357293
035 _aB-357872
037 _bDBAD / PUB
037 _bऊर्जा प्रकाशन
037 _bआत्माराम एंड संस
040 _aDPL
_bHN
082 _a004.03
100 _aगोयल, नितिन
245 _aकंप्यूटर विज्ञान विश्व कोश /
_cनितिन गोयल
246 _aComputer vigyaana vishwa kosha
_bby Nitin Goyal
260 _aदिल्ली
_bऊर्जा प्रकाशन
_c2009
270 _a1362,अप्पर मैज्ज़नाइन फ्लोर, कश्मीरी गेट
_bदिल्ली
_e110006
300 _a176पृ.
_c22सेमी (सजिल्द)
650 _aComputer Science
_xEncyclopedias
942 _2ddc
_cCH
_mगोयल
_h004.03
999 _c30258
_d30258